LEADER 01384nam a2200277 i 4500 001 000000206211 003 CaOOAMICUS 005 20110923000000.0 008 110923s1957 it u000 u ita u 013 $a184972 040 $aSeMil$bita 100 1 $aPéju, Marcel.$0(OLS)http://semarc/name/74166 240 13$aLa révolte de la hongrie les temps modernes.$0(OLS)http://semarc/title/298369 245 13$aIl fantasma di Stalin /$cJean-Paul Sartre. Dal rapporto Kruscev alla tragedia ungherese / Marcel Péju. La rivolta ungherese / François Fejtö e altri. La fine dello Stalinismo / Raymond Borde. Risposte a un'intervista di "Nowa Kultura" / Claude Roy. 260 $aMilano :$bArnoldo Mondadori Editore,$c1957. 300 $a475 p. ;$c20 cm. 490 0 $aIl bosco ;$v2 700 1 $aFejtö, François,$d<1909-2008>.$0(OLS)http://semarc/name/56637 700 1 $aSartre, Jean-Paul <1905-1980>.$0(OLS)http://semarc/name/526 700 1 $aRoy, Claude.$0(OLS)http://semarc/name/73465 700 1 $aBorde, Raymond.$0(OLS)http://semarc/name/74167 830 3$aIl bosco ;$v2.$0(OLS)http://semarc/title/6840 850 $aSeMil 852 $aSeMil$W1$xVenegono$y1$m3U III 94$j156694$B156694$CSeMilBibl$Z2$F167932 $81 996 $6245$aIl fantasma di Stalin$9(OLS)http://semarc/title/298368 996 $6260$aMilano :$bArnoldo Mondadori Editore$9(OLS)http://semarc/publisher/30056 LEADER 01421nam a2200265 i 4500 001 000000073403 003 CaOOAMICUS 005 20090630000000.0 008 090630s1960 be u000 u mul u 013 $a44575 040 $aSeMil$bita 100 1 $aHenricus Bate : de Mechlina <1246-1310?>.$0(OLS)http://semarc/name/9644 245 10$aIntroduction ; Littera dedicatoria ; Tabula capitulorum ; Proemium ; Pars 1 /$cHenricus Bate ; édition critique [par] Dom Emile van de Vyver. 260 $aParis :$bBéatrice-Nauwelaerts,$c1960. 260 $aLouvain :$bPublications universitaires,$c1960. 300 $acix, 260 p., [6] c. di tav. :$bfacs. ;$c25 cm. 490 0 $aPhilosophes médiévaux ;$v4 700 1 $aVyver, Emile : van de .$0(OLS)http://semarc/name/9645 773 0 $aHenricus Bate : de Mechlina <1246-1310?>$tSpeculum divinorum et quorundam naturalium.$dLouvain : Publications universitaires, 1960.$g1$w()21586 830 0$aPhilosophes médiévaux ;$v4.$0(OLS)http://semarc/title/8155 850 $aSeMil 852 $aSeMil$W1$xVenegono$y1$m2Q V 148$j39555$B39555$CSeMilBibl$Z2$F39559 $81 996 $6245$aIntroduction ; Littera dedicatoria ; Tabula capitulorum ; Proemium ; Pars 1$9(OLS)http://semarc/title/118519 996 $6260$aLouvain :$bPublications universitaires$9(OLS)http://semarc/publisher/34046 996 $6260$aParis :$bBéatrice-Nauwelaerts$9(OLS)http://semarc/publisher/32492